00966pam a2200313 i 45000010005000000030006000050050017000110080041000280100017000690200015000860200027001010200018001280400023001460500015001690820013001841000028001972450077002252500047003022600036003493000043003855050007004285200093004355210019005285210018005476500024005656500022005896500022006117000019006334233FISKH20250808142848.0781218t19791952nyua j 000 1 eng  a 78031100  a0688221874 a0688321879 (lib. bdg.) a9780545326438 aDLCcDLCdDLCbeng aPZ7.C2696  a823.914 1 aCatling, Patrick Skene.14aThe Chocolate touch /cPatrick Skene Catling ; pictures by Margot Apple. aFirst Scholastic, printing, November 2010  aNew York :bScholastic, c1952. a126 pages : billustrations ; c20 cm  aR  aWhen John Midas acquires a magical gift, everything his lips touch turns into chocolate.8 a770 bLexile 8 aR bRaz-Plus  1aChocolatevFiction. 1aSchoolsvFiction. 1aHumorous stories.1 aApple, Margot.